| 000 | 00395nam a22001697a 4500 | ||
|---|---|---|---|
| 003 | SGT | ||
| 020 | _a9789390619078 | ||
| 082 |
_a610.73 _bC23G |
||
| 100 | _aGHAI, SANDHYA | ||
| 245 | _aCLINICAL NURSING PROCEDURES | ||
| 250 | _a3RD | ||
| 260 |
_aINDIA _bCBS PUB _c2023 |
||
| 300 | _a1321 | ||
| 650 | _a NURSING PROCEDURES | ||
| 653 | _aCLINICAL NURSING PROCEDURES | ||
| 942 |
_2ddc _cBK _03 |
||
| 999 |
_c24948 _d24948 |
||